000 00713nam a2200289Ia 4500
001 Z_3902
003 CHAP
008 220113s1981 xx 000 0 und d
010 _a166963
040 _cCHAP
082 _a636.085 J3y
100 _aJarrige, R. ed.
_9139997
245 _aAlimentación de los rumiantes /
_ced. por Jarrige
260 _aMadrid :
_bMundi-Prensa,
_c1981
300 _a697 p.
440 _a
500 _aTrad. De : Alimentation des ruminants
503 _a123946,
650 _aGanado vacuno
_xNutrición I. t.
_9141137
650 _aNutrición animal
901 _a636.085 J3y
902 _aA
910 _a1981
942 _c1
942 _cc1
999 _c166963
_d166963